| 000 | 00556nam a22001817a 4500 | ||
|---|---|---|---|
| 005 | 20250707144916.0 | ||
| 010 | _aENG-145760 | ||
| 020 |
_a978811952952 _c249.00 |
||
| 035 | _aEN-129292 | ||
| 037 | _bDBAD/ | ||
| 082 | _a305.4 | ||
| 100 |
_aOsifo Lawrence Emwosa _982691 |
||
| 245 |
_aThe Winner Woman/ _cLawrence Emwosa Osifo |
||
| 260 |
_aKolkata _bExceller Books _c2024 |
||
| 270 |
_aG 1 , Dream , Apartment, Degree College Road, Belgharia, Kolkata _bKolkata _e700056 |
||
| 300 |
_a87p. _c21.4cm(pb) |
||
| 942 |
_2ddc _cEN _h305.4 _mOSI |
||
| 999 |
_c212179 _d212179 |
||